| 000 | 01095nmc a2200385 a 4500 | ||
|---|---|---|---|
| 003 | AR-BaBNM | ||
| 005 | 20251128205602.0 | ||
| 008 | 268019s1995 ||||||||||||||000 | spa|| | ||
| 020 | _a84-7738-300-6 | ||
| 040 | _cAR-BaBNM | ||
| 100 | 1 | _aMartín de la Guardia, Ricardo M. | |
| 245 | 1 | 0 | _aLa Europa del Este, de 1945 a nuestros días |
| 260 |
_aMadrid _bSíntesis _c1995 |
||
| 300 |
_a223 p. _bmapas, tablas |
||
| 490 | 0 |
_aHistoria universal: contemporánea _vv. 24 |
|
| 500 | _aApéndice p. 201-213 | ||
| 504 | _aBibliografía p. 215-220 | ||
| 650 | 4 | _aHISTORIA CONTEMPORANEA | |
| 650 | 4 | _aIDEOLOGIAS | |
| 650 | 4 | _aREVOLUCION | |
| 650 | 4 | _aSOCIALISMO | |
| 650 | 4 | _aCOMUNISMO | |
| 650 | 4 | _aDISTURBIOS CIVILES | |
| 650 | 4 | _aMOVIMIENTOS REVOLUCIONARIOS | |
| 650 | 4 | _aPROBLEMAS SOCIALES | |
| 650 | 4 | _aECONOMIA | |
| 650 | 4 | _aSOCIEDAD | |
| 650 | 4 | _aSINDICATOS | |
| 651 | 4 | _aEuropa | |
| 700 | 1 | _aPérez Sánchez, Guillermo A. | |
| 800 | 1 |
_aPlácido Suárez, Domingo _edirector |
|
| 800 | 1 |
_aHernández Sandoica, Elena _ecoordinador |
|
| 942 | _cBK | ||
| 998 | _cMariana | ||
| 999 |
_c12004 _d12004 |
||